00741cam a22002294a 45000010009000000050017000090080041000260100017000670200015000840350020000990400023001190410008001420420008001500600021001580800017001790820021001961000006002171010008002232450173002312460047004045040060004511180013620180314044253.0991001s2000 paua bf 001 0 eng c a 99048209  a0721684343 a(DNLM)100897238 aDNLM/DLCcDLCdDLC aeng apcc10aWB 39bJ38p 2000 a616.0754 JAR00a616.0754 JAR2211 a8 aEGZ10aPocket companion for Physical examination and health assessment /cCarolyn Jarvis ; original illustrations by Pat Thomas ; assessment photographs by Kevin Strandberg..30aPhysical examination and health assessment aIncludes bibliographical references (p. 293) and index.